[Event "Reykjavik op"]
[Site "Reykjavik"]
[Date "2024.03.16"]
[Round "3"]
[White "Large, Peter G"]
[Black "Deac, Bogdan Daniel"]
[Result "0-1"]
[WhiteElo "2262"]
[BlackElo "2690"]
[PlyCount "58"]
[EventDate "2024.03.15"]
[EventType "swiss"]
[EventRounds "9"]
[EventCountry "ISL"]
[SourceTitle "CB13_2024"]
[SourceDate "2024.03.27"]
[SourceVersion "1"]
[SourceVersionDate "2024.03.27"]
[SourceQuality "1"]

1. e4 c6 2. d4 d5 3. exd5 cxd5 4. c4 Nf6 5. Nc3 e6 6. Nf3 Bb4 7. Bd3 dxc4 8. Bxc4 Qc7 9. Qe2 0-0 10. 0-0 Nbd7 11. Nb5 Qd8 12. a3 Ba5 13. Ba2 a6 14. Nd6 Qe7 15. Nf5 Qd8 16. Nd6 Nb8 17. Nxc8 Qxc8 18. Bg5 Nbd7 19. Rac1 Qb8 20. Ne5 Re8 21. Nxd7 Nxd7 22. d5 Nf8 23. Qf3 Qe5 24. Rc5 Qxb2 25. dxe6 fxe6 26. Rxa5 b6 27. Rf5 Qxa2 28. Rf7 Qd5 29. Rd1 Qxg5 0-1

[Event "Newcastle Northumbria Masters IM"]
[Site "Newcastle on Tyne"]
[Date "2023.08.26"]
[Round "6"]
[White "Raczek, Krzysztof"]
[Black "Large, Peter G"]
[Result "1-0"]
[WhiteElo "2305"]
[BlackElo "2286"]
[PlyCount "91"]
[EventDate "2023.08.24"]
[EventType "schev"]
[EventRounds "9"]
[EventCountry "ENG"]
[SourceTitle "EXT 2024"]
[Source "ChessBase"]
[SourceDate "2023.10.10"]
[SourceVersion "1"]
[SourceVersionDate "2023.10.10"]
[SourceQuality "1"]

1. c4 b6 2. Nf3 Bb7 3. g3 e6 4. Bg2 Nf6 5. 0-0 c5 6. Nc3 a6 7. b3 Be7 8. Bb2 0-0 9. d4 cxd4 10. Qxd4 d6 11. Rfd1 Qc7 12. Rac1 Nbd7 13. Qf4 Rac8 14. g4 h6 15. h4 Bxf3 16. exf3 Ne5 17. Ne2 Nfd7 18. Qg3 Ng6 19. g5 hxg5 20. hxg5 b5 21. f4 Qa5 22. Be4 bxc4 23. Qh3 Nc5 24. b4 Qxb4 25. Bxg6 fxg6 26. Ba3 Qb7 27. Bxc5 Rxc5 28. Qxe6+ Rf7 29. Rxc4 Rxc4 30. Qxc4 Qb5 31. Qxb5 axb5 32. Rd5 b4 33. Rb5 d5 34. Rxd5 Rf8 35. Kg2 Ra8 36. Rd2 Kf7 37. Nd4 Ra6 38. Kf3 Bc5 39. Nb3 Be7 40. Kg4 Re6 41. Na5 Ra6 42. Nc4 Kf8 43. Ne5 Kg8 44. f3 Re6 45. Rc2 Kh7 46. Rc8 1-0

[Event "Newcastle Northumbria Masters IM"]
[Site "Newcastle on Tyne"]
[Date "2023.08.25"]
[Round "3"]
[White "Karamsetty, Jeevan"]
[Black "Large, Peter G"]
[Result "0-1"]
[WhiteElo "2218"]
[BlackElo "2286"]
[PlyCount "96"]
[EventDate "2023.08.24"]
[EventType "schev"]
[EventRounds "9"]
[EventCountry "ENG"]
[SourceTitle "EXT 2024"]
[Source "ChessBase"]
[SourceDate "2023.10.10"]
[SourceVersion "1"]
[SourceVersionDate "2023.10.10"]
[SourceQuality "1"]

1. e4 Nc6 2. Nf3 d6 3. d4 Nf6 4. Nc3 g6 5. Be3 Bg7 6. Qd2 a6 7. d5 Na7 8. Bh6 0-0 9. 0-0-0 b5 10. Bxg7 Kxg7 11. Qe3 Bg4 12. h3 Bxf3 13. gxf3 b4 14. Ne2 c5 15. Ng3 Nb5 16. h4 Qa5 17. Bc4 Rac8 18. Rhg1 Kh8 19. Qe1 Nd4 20. Rd3 Nd7 21. f4 Qa4 22. Qd1 Nb5 23. h5 Nb6 24. hxg6 fxg6 25. Bb3 Qa5 26. Qg4 c4 27. Rh1 Rf6 28. Qh3 Rf7 29. Bxc4 Rxc4 30. Qe6 Qa4 31. b3 Qxa2 32. bxc4 Na3 33. Rxa3 Qxa3+ 34. Kd1 Qf3+ 35. Ke1 Qxf4 36. Rh2 Qc1+ 37. Ke2 Qxc2+ 38. Kf1 Qc1+ 39. Kg2 Qf4 40. Kg1 Qf6 41. Qg4 b3 42. Qd1 b2 43. Qb3 Nxc4 44. Nf1 Ne5 45. f4 Nf3+ 46. Kg2 Nxh2 47. Nxh2 Qxf4 48. Qxb2+ Qf6 0-1

[Event "London Psyon"]
[Site "London"]
[Date "2023.08.11"]
[Round "9"]
[White "Pein, Jonathan"]
[Black "Large, Peter G"]
[Result "1-0"]
[WhiteElo "2276"]
[BlackElo "2286"]
[PlyCount "95"]
[EventDate "2023.08.07"]
[EventType "tourn"]
[EventRounds "9"]
[EventCountry "ENG"]
[SourceTitle "CBM 215 Extra"]
[Source "ChessBase"]
[SourceDate "2023.09.30"]
[SourceVersion "1"]
[SourceVersionDate "2023.09.30"]
[SourceQuality "1"]

1. e4 e6 2. d4 d5 3. Nd2 Nc6 4. Ngf3 Nf6 5. e5 Nd7 6. Nb3 Be7 7. Bb5 a5 8. a4 Na7 9. Be2 b6 10. h4 h6 11. Be3 c5 12. c3 Nc6 13. Rh3 Ba6 14. Kf1 Qc8 15. Nc1 cxd4 16. cxd4 Nb4 17. Ne1 Bxe2+ 18. Nxe2 Qa6 19. Kg1 Nb8 20. Nf4 N8c6 21. Rc1 Kd7 22. Ne2 Rhc8 23. Nc3 Nd8 24. h5 Nbc6 25. Qg4 Bf8 26. Nxd5 b5 27. Nd3 Nb4 28. Rxc8 Rxc8 29. axb5 Qxb5 30. N5xb4 axb4 31. Nc5+ Ke8 32. Rf3 Qe2 33. b3 Ra8 34. Ne4 Ra1+ 35. Kh2 Qa6 36. Bxh6 gxh6 37. Nf6+ Ke7 38. d5 Nb7 39. Qxb4+ Nd6 40. Ne4 Rh1+ 41. Kg3 Kd7 42. dxe6+ Kxe6 43. Nc5+ Kxe5 44. Qf4+ Kd5 45. Nxa6 Ne4+ 46. Kg4 Nd6 47. Rd3+ Ke6 48. Nc5+ 1-0

[Event "London Psyon"]
[Site "London"]
[Date "2023.08.07"]
[Round "1"]
[White "Large, Peter G"]
[Black "Arkell, Keith C"]
[Result "1/2-1/2"]
[WhiteElo "2286"]
[BlackElo "2373"]
[PlyCount "43"]
[EventDate "2023.08.07"]
[EventType "tourn"]
[EventRounds "9"]
[EventCountry "ENG"]
[SourceTitle "CBM 215 Extra"]
[Source "ChessBase"]
[SourceDate "2023.09.30"]
[SourceVersion "1"]
[SourceVersionDate "2023.09.30"]
[SourceQuality "1"]

1. e4 c6 2. d4 d5 3. exd5 cxd5 4. c4 Nf6 5. Nc3 g6 6. Qb3 Bg7 7. cxd5 0-0 8. Be2 Na6 9. Bf3 Qb6 10. Qxb6 axb6 11. Nge2 Nb4 12. 0-0 Rd8 13. d6 Rxd6 14. Bf4 Rd7 15. Rfd1 Nbd5 16. Be5 Rd8 17. Nxd5 Nxd5 18. Bxd5 Rxd5 19. Nc3 Rd8 20. Bxg7 Kxg7 21. d5 Bd7 22. Rd4 1/2-1/2

[Event "Kingston-A 2nd"]
[Site "Kingston Upon Thames"]
[Date "2023.07.28"]
[Round "8"]
[White "Large, Peter G"]
[Black "Ratnesan, Ranesh"]
[Result "1-0"]
[WhiteElo "2235"]
[BlackElo "2216"]
[PlyCount "79"]
[EventDate "2023.07.24"]
[EventType "tourn"]
[EventRounds "9"]
[EventCountry "ENG"]
[EventCategory "1"]
[SourceTitle "CBM 215 Extra"]
[Source "ChessBase"]
[SourceDate "2023.09.30"]
[SourceVersion "1"]
[SourceVersionDate "2023.09.30"]
[SourceQuality "1"]

1. Nf3 d5 2. b3 Bg4 3. e3 Nd7 4. Bb2 Ngf6 5. h3 Bh5 6. d3 c6 7. Nbd2 Qc7 8. c4 e6 9. Be2 Bd6 10. Rc1 0-0 11. cxd5 exd5 12. Nd4 Bg6 13. Nb5 Qb8 14. Nxd6 Qxd6 15. Nf3 h6 16. 0-0 Ne8 17. Qd2 f5 18. Nh4 Bh7 19. f4 Qe7 20. Nf3 Nc7 21. Ne5 Ne6 22. Nxd7 Qxd7 23. Be5 d4 24. Rf3 Bg6 25. Rg3 Kh7 26. e4 Qe7 27. Bf3 Qf7 28. Rxg6 Qxg6 29. exf5 Qf7 30. fxe6 Qxe6 31. Be4+ Kg8 32. Qf2 Rad8 33. Rc4 a6 34. Qg3 Qf7 35. Rxd4 Rxd4 36. Bxd4 Rd8 37. Be5 Rd7 38. Qg4 Rd8 39. Kh2 a5 40. d4 1-0

[Event "Kingston-A 2nd"]
[Site "Kingston Upon Thames"]
[Date "2023.07.27"]
[Round "7"]
[White "Li, Vladimir"]
[Black "Large, Peter G"]
[Result "1/2-1/2"]
[WhiteElo "2294"]
[BlackElo "2235"]
[PlyCount "33"]
[EventDate "2023.07.24"]
[EventType "tourn"]
[EventRounds "9"]
[EventCountry "ENG"]
[EventCategory "1"]
[SourceTitle "CBM 215 Extra"]
[Source "ChessBase"]
[SourceDate "2023.09.30"]
[SourceVersion "1"]
[SourceVersionDate "2023.09.30"]
[SourceQuality "1"]

1. c4 e6 2. g3 Nf6 3. Bg2 d5 4. Nf3 dxc4 5. Qa4+ Nbd7 6. Qxc4 a6 7. Qc2 c5 8. Nc3 Qc7 9. d4 b6 10. Bf4 Bd6 11. Bxd6 Qxd6 12. Ne4 Nxe4 13. Qxe4 Rb8 14. dxc5 bxc5 15. Qc2 Qb6 16. b3 0-0 17. 0-0 1/2-1/2

[Event "Kingston-A 2nd"]
[Site "Kingston Upon Thames"]
[Date "2023.07.24"]
[Round "1"]
[White "Large, Peter G"]
[Black "Baker, Chris W"]
[Result "1/2-1/2"]
[WhiteElo "2235"]
[BlackElo "2254"]
[PlyCount "104"]
[EventDate "2023.07.24"]
[EventType "tourn"]
[EventRounds "9"]
[EventCountry "ENG"]
[EventCategory "1"]
[SourceTitle "CBM 215 Extra"]
[Source "ChessBase"]
[SourceDate "2023.09.30"]
[SourceVersion "1"]
[SourceVersionDate "2023.09.30"]
[SourceQuality "1"]

1. e4 e5 2. Nf3 Nc6 3. Bb5 a6 4. Bxc6 dxc6 5. 0-0 Qf6 6. d4 exd4 7. Bg5 Qg6 8. Qxd4 Be6 9. Nc3 Bd6 10. Rfe1 f6 11. e5 fxg5 12. exd6 0-0-0 13. Rxe6 Qxe6 14. Qxg7 Qxd6 15. Qxh8 g4 16. Ne1 Qe7 17. Ne4 Qxe4 18. Qc3 Ne7 19. Nd3 Nd5 20. Qd2 b6 21. Re1 Qd4 22. Qe2 Kb7 23. Qe4 Nb4 24. Qxd4 Rxd4 25. Nxb4 Rxb4 26. b3 Rd4 27. Kf1 Rd2 28. Rc1 c5 29. Ke1 Rd5 30. Ke2 c4 31. bxc4 Rd4 32. c5 b5 33. c4 Rxc4 34. Rxc4 bxc4 35. Ke3 Kc6 36. Kd4 c3 37. Kxc3 Kxc5 38. f4 gxf3 39. gxf3 Kd5 40. Kb4 Kd4 41. f4 c5+ 42. Kb3 Kd3 43. f5 c4+ 44. Ka4 c3 45. f6 c2 46. f7 c1Q 47. f8Q Qc2+ 48. Ka3 Qc3+ 49. Ka4 Qc4+ 50. Ka3 Qc3+ 51. Ka4 Qc4+ 52. Ka3 Qc3+ 1/2-1/2

[Event "Titled Tuesday intern op 27th Jun Early"]
[Site "Chess.com INT"]
[Date "2023.06.27"]
[Round "4"]
[White "Komov, Roman"]
[Black "Large, Peter G"]
[Result "1-0"]
[WhiteElo "2301"]
[BlackElo "2225"]
[PlyCount "75"]
[EventDate "2023.06.27"]
[EventType "swiss (blitz)"]
[EventRounds "11"]
[EventCountry "USA"]
[SourceTitle "EXT 2024"]
[Source "ChessBase"]
[SourceDate "2023.10.10"]
[SourceVersion "1"]
[SourceVersionDate "2023.10.10"]
[SourceQuality "1"]

1. e4 Nc6 2. Nc3 d6 3. d4 e5 4. Nf3 exd4 5. Nxd4 Nf6 6. Bc4 Be7 7. 0-0 0-0 8. h3 Re8 9. Re1 Bf8 10. Bg5 h6 11. Bh4 Ne5 12. Bb3 Ng6 13. Bg3 Bd7 14. Qd2 a6 15. Rad1 c5 16. Nf5 b5 17. Nxd6 Bxd6 18. Qxd6 c4 19. e5 cxb3 20. axb3 Bf5 21. Qxd8 Raxd8 22. exf6 Bxc2 23. Rxd8 Rxd8 24. fxg7 Bxb3 25. Ra1 b4 26. Ne4 Rd1+ 27. Rxd1 Bxd1 28. Bc7 Kxg7 29. Ba5 b3 30. Bc3+ Kf8 31. Nc5 Be2 32. Nxb3 Ke7 33. f3 Bc4 34. Nd4 Bd5 35. Nf5+ Ke6 36. Nxh6 Nf4 37. Kf2 f5 38. g4 1-0

[Event "Reykjavik op"]
[Site "Reykjavik"]
[Date "2023.03.29"]
[Round "1"]
[White "Grandelius, Nils"]
[Black "Large, Peter G"]
[Result "1-0"]
[WhiteElo "2658"]
[BlackElo "2227"]
[PlyCount "65"]
[EventDate "2023.03.29"]
[EventType "swiss"]
[EventRounds "9"]
[EventCountry "ISL"]
[SourceTitle "CBM 213 Extra"]
[Source "ChessBase"]
[SourceDate "2023.05.31"]
[SourceVersion "1"]
[SourceVersionDate "2023.05.31"]
[SourceQuality "1"]

1. Nf3 Nf6 2. g3 b6 3. d4 e6 4. Bg2 Bb7 5. c4 Bb4+ 6. Bd2 a5 7. 0-0 0-0 8. Bf4 Be7 9. Qc2 Na6 10. Nc3 d5 11. Ne5 Qc8 12. e4 dxe4 13. Nxe4 c5 14. Rfd1 cxd4 15. Rxd4 Nc5 16. Nd6 Bxd6 17. Rxd6 Bxg2 18. Kxg2 Qb7+ 19. f3 Rac8 20. Qe2 Ne8 21. Rd2 Nf6 22. Rad1 h6 23. Rd4 Rfe8 24. Qe3 Kh7 25. Bxh6 gxh6 26. Rh4 Ng8 27. Ng4 Qe7 28. Rxh6+ Kg7 29. Rd4 Kf8 30. Rh8 f5 31. Nh6 Qf6 32. Rxg8+ Ke7 33. Rg7+ 1-0

[Event "Hastings Weekend op"]
[Site "Hastings"]
[Date "2023.01.08"]
[Round "5"]
[White "Large, Peter G"]
[Black "Keohane, Benedict A"]
[Result "1-0"]
[WhiteElo "2268"]
[BlackElo "1974"]
[PlyCount "37"]
[EventDate "2023.01.07"]
[EventType "swiss"]
[EventRounds "5"]
[EventCountry "ENG"]
[SourceTitle "CBM 212 Extra"]
[Source "ChessBase"]
[SourceDate "2023.03.31"]
[SourceVersion "1"]
[SourceVersionDate "2023.03.31"]
[SourceQuality "1"]

1. e4 e6 2. d4 b6 3. Nf3 Bb7 4. Bd3 h6 5. Nbd2 Ne7 6. c3 d6 7. h4 g6 8. Nc4 Bg7 9. Bf4 Nd7 10. a4 Nf6 11. e5 dxe5 12. Ncxe5 Nf5 13. Qe2 Nd5 14. Bd2 Qd6 15. a5 a6 16. h5 g5 17. axb6 Qxb6 18. Nc4 Nxd4 19. cxd4 1-0

[Event "EU-chT Seniors 65"]
[Site "Dresden"]
[Date "2022.11.04"]
[Round "9.1"]
[White "Large, Peter G"]
[Black "Van Egmond, Rogier M"]
[Result "0-1"]
[WhiteElo "2257"]
[BlackElo "2050"]
[PlyCount "69"]
[EventDate "2022.10.27"]
[EventType "team-swiss"]
[EventRounds "9"]
[EventCountry "GER"]
[SourceTitle "EXT 2024"]
[Source "ChessBase"]
[SourceDate "2023.10.10"]
[SourceVersion "1"]
[SourceVersionDate "2023.10.10"]
[SourceQuality "1"]
[WhiteTeam "England 65"]
[BlackTeam "Koninklijke DD 65"]
[WhiteTeamCountry "ENG"]
[BlackTeamCountry "NED"]

1. Nf3 Nf6 2. b3 g6 3. Bb2 Bg7 4. e3 c5 5. c4 Nc6 6. d4 cxd4 7. Nxd4 0-0 8. Nd2 Nxd4 9. Bxd4 d6 10. Be2 Bd7 11. 0-0 Bc6 12. b4 e5 13. Bb2 b6 14. Qb3 a5 15. a3 Qe7 16. Rfd1 Rfd8 17. Bf1 h5 18. h3 g5 19. b5 Bb7 20. Qc2 Qe6 21. e4 Rac8 22. Qd3 Nd7 23. Be2 Qg6 24. Qf3 Nf6 25. Qe3 Nxe4 26. Qxb6 Nc5 27. Qxa5 g4 28. hxg4 hxg4 29. Nf1 Qe4 30. Ne3 Bh6 31. Bxg4 Bxe3 32. Bf3 Qc2 33. Qe1 Bxf3 34. gxf3 Bf4 35. Qc3 0-1